000 00784nam a2200241Ia 4500
003 OSt
005 20221006143215.0
006 a|||||r|||| 00| 0
007 ta
008 221006b |||||||| |||| 00| 0 eng d
024 _a8,334
037 _bGift, Japan Foundation
_cTextual
040 _aEASL
_cEASL
_beng
041 _2eng
_aeng
082 _aX:95.42, M21
100 _aPARK S J
_9648143
245 0 _aLabor-management consultation as the Japanese type of participation
_b An international comparisonn no.22
260 _aBerlin
_bFree University of Berlin
_c1982
300 _a23p.
_ccm.
490 _v JEL
_aSocial And Economic Research On Modern Japan
942 _hX:95.42, M21
_cTEXL
_2CC
999 _c1076420
_d1076420